000 00224nmm a2200085Ia 4500
008 220120s9999||||xx |||||||||||||||||und||
100 _aDreamtech Press
_910751
245 0 _acomputer programming in C
260 _aDream tech
_c2012
999 _c139731
_d139731